Language arts

Shranjeno v:
Bibliografske podrobnosti
Format: Knjiga
Izdano: 2001
Oznake: Označite
Brez oznak, prvi označite!
Thư viện lưu trữ: Mạng thư viện Đại học Đà Nẵng
LEADER 00422nam a22001811a 4500
001 000037167
003 13462
005 20160412020309.0
008 160412s2001 000
082 |a 4A(07)40-44 
245 |a Language arts  |c Mc Graw Hill 
260 |c 2001 
OWN |a LNN 
999 |a From the UDN01 
TYP |a Monograph 
980 |a Mạng thư viện Đại học Đà Nẵng